banner-ar

مجلس النواب الاردنى بين الشعار والتطبيق: تجربة المجلس الحادى عشر ( 1989 - 1993 ) / (Record no. 49765)

MARC details
000 -الفاتح
حقل البيانات ثابتة الطول 00661nam a2200181Ia 4500
008 - عناصر البيانات ثابتة الطول - معلومات عامة
حقل البيانات ثابتة الطول 140319s9999 xx 000 0 ara d
040 ## - مصدر الفهرسة
وكالة الفهرسة الأصلية GCL /
وكالة النسخ GCL
082 04 - رقم تصنيف ديوى العشرى
رقم التصنيف 328.3256
رقم المادة ه م
100 1# - المدخل الرئيسى - إسم شخصى
الإسم الشخصى هايل ودعان الدعجة
245 10 - بيان العنوان
العنوان مجلس النواب الاردنى بين الشعار والتطبيق: تجربة المجلس الحادى عشر ( 1989 - 1993 ) /
بيان المسئوليه,etc هايل ودعان الدعجة
300 ## - الوصف المادى
التعداد 211 ص
490 ## - بيان السلسلة
عنوان السلسلة الهيئة العامة للاستعلامات
رقم المجلد/ التعيين التسلسلي 0
650 04 - المدخل الاضافى بالموضوع-مصطلح موضوعى
مصطلح موضوعي الاردن
650 04 - المدخل الاضافى بالموضوع-مصطلح موضوعى
مصطلح موضوعي الهيئات التشريعية
650 04 - المدخل الاضافى بالموضوع-مصطلح موضوعى
مصطلح موضوعي الحياة النيابية
942 ## - عناصر المدخل الإضافي( كوها)
مصدر التصنيف او مخطط الترفيف Dewey Decimal Classification
Koha [default] item type كتاب
Holdings
حالة التراجع حالة الفقد حالة تلف ليس للاعارة المكان المؤقت الموقع الحالى تاريخ الاكتساب اجمالي اﻻعارات رقم الطلب الباركود تاريخ اخر مشاهدة تاريخ تفعيل السعر نوع وعاء كوها
        مكتبة القاهرة الكبرى مكتبة القاهرة الكبرى 03/26/2014   328.3256\ه م 119481 03/26/2014 03/26/2014 كتاب

Powered By

EGPV